000 00494nam a2200169Ia 4500
003 LDD
008 190117s9999 xx 000 0 und d
020 _c₹125
040 _cLDD
041 _ahi
082 _a8H4.709 बे22492स्
100 _aबेचन
245 0 _aस्वातंत्र्योत्तर हिन्दी साहित्य
_cबेचन
260 _aनई दिल्ली
_bअरूण
_c1992
300 _a174प्र.
942 _2ddc
_cH
999 _c164912
_d164912